000 00459nam a22001697a 4500
003 OSt
005 20140310182127.0
008 130828t xxu||||| |||| 00| 0 eng d
020 _a0061092363
050 _aML 420
_b.P274 1995
082 _aHS 920
_bPa25 1994
100 _aParton, Dolly
_914433
245 _aDolly :
_bmy life and other unfinished business /
_cDolly Parton.
260 _aNew York :
_bHarper Paperbacks,
_c1994.
942 _2lcc
999 _c9632
_d9632